000 00541cam a2200193 a 4500
020 _a1559634162
020 _a1559634170
040 _cDLC
082 0 0 _a363 ILP 1995 C147 Or.
245 0 0 _aEnvironmental justice :
_bissues, policies, and solutions /
260 _aWashington, D.C. :
_bIsland Press,
_cc1995.
300 _aviii, 278 p. ;
_c24 cm.
650 0 _aEnvironmental policy
650 0 _aEnvironmental policy
650 0 _aSocial justice
650 0 _aSustainable development
700 1 _aBryant, Bunyan I.
942 _cAEDBB
999 _c18533
_d18533